000
00336nam a2200133Ia 4500
008
240624s9999 xx 000 0 und d
041
_a
eng
082
_a
658.45 GRE
100
_a
GREIF MICHEL
245
_a
VISUAL FACTORY BUILDING PARTICIPATION TH
260
_c
1991
_a
New York
_b
Productivity Press
300
_a
320 : p.
365
_c
RS
999
_c
17516
_d
17516